|
|
|
|
| LEADER |
00000nam a22000007a 4500 |
| 003 |
cru CRAI/IIS |
| 005 |
20191219123200.0 |
| 008 |
191211b2014 cr ||||| |||| 00| 0 spa d |
| 999 |
|
|
|c 42750
|d 42750
|
| 040 |
|
|
|c cru CRAI/IIS
|
| 090 |
|
|
|a 08.16.04 C8374i (11) 2004
|
| 110 |
|
|
|9 8873
|a Instituto Costarricense de Electricidad (ICE)
|
| 245 |
|
|
|a Informe mensual:
|b Febrero 2004. Sistema Institucional de Monitoreo del Entorno: Monitoreo de Prensa Escrita
|c Instituto Costarricense de Electricidad (ICE)
|
| 260 |
|
|
|a San José:
|b ICE
|c 2004
|
| 300 |
|
|
|a 20 páginas
|
| 650 |
|
0 |
|9 15
|a NOTICIAS EN PRENSA
|
| 650 |
|
0 |
|9 8
|a ANALISIS DE CONTENIDO
|
| 650 |
|
0 |
|9 1686
|a EMPRESAS DE TELECOMUNICACIONES
|
| 650 |
|
0 |
|9 475
|a ABASTECIMIENTO DE ENERGIA
|
| 650 |
|
0 |
|9 305
|a TLC
|
| 650 |
|
0 |
|9 5175
|a POLITICA FISCAL
|
| 650 |
|
0 |
|9 8144
|a INSTITUTO COSTARRICENSE DE ELECTRICIDAD
|
| 942 |
|
|
|2 ddc
|c LI
|